000 00516nam a2200181Ia 4500
001 13216
005 20260306163037.0
008 260306t2009||||xx |||||||||||||| ||spa||
041 _aESP
082 _a001.42
_bC24
100 _aCampos Arenas, Agustín
_eAUT
245 0 _aMétodos mixtos de investigación:
_bintegración de la investigación cuantitativa y la investigación cualitativa
260 _c2009
300 _a127 páginas :
_c24 cm.
650 _aGEN
654 _aCHU
942 _cLIB
_dJUS
_fJUS
_2ddc
_n
999 _c13216
_d13216